| 000 | 01110cam a2200373 4500 | ||
|---|---|---|---|
| 001 | 22824 | ||
| 003 | SK-KTurca | ||
| 005 | 20260429083941.0 | ||
| 008 | 201005s2020 xo g 000 f slo | ||
| 015 | _aSNBA2022/08 | ||
| 020 |
_a9788081642258 _q(viazané) |
||
| 040 |
_aSNK _bslo _cSNK _erda |
||
| 041 | 0 | _aslo | |
| 044 |
_axo _cSK |
||
| 072 | 7 |
_a821.162.4-3 _xSlovenská próza _2konspekt |
|
| 080 |
_a821.162.4-31 _22011 |
||
| 080 |
_a(0:82-312.4) _22011 |
||
| 100 | 1 |
_aOndriová, Ivana, _d1981- _4aut |
|
| 245 | 1 | 0 |
_aPrázdne duše _cIvana Ondriová |
| 250 | _aVydanie prvé | ||
| 264 | 1 |
_a[Bratislava] _bMotýľ _c2020 |
|
| 300 |
_a311 strán _c21 cm |
||
| 336 |
_atext _btxt _2rdacontent |
||
| 337 |
_abez média _bn _2rdamedia |
||
| 338 |
_azväzok _bnc _2rdacarrier |
||
| 500 | _aMiesto vydania podľa NA ISBN | ||
| 655 | 7 |
_aslovenské romány _2SNKPH |
|
| 655 | 7 |
_aSlovak fiction _2SNKPHeng |
|
| 655 | 7 |
_atrilery (romány) _2SNKPH |
|
| 655 | 7 |
_aThrillers (novels) _2SNKPHeng |
|
| 942 |
_2ddc _cKLDO _n0 |
||
| 999 |
_c22824 _d22824 |
||